| 000 | 02054nam a22002657a 4500 | ||
|---|---|---|---|
| 001 | 6715 | ||
| 003 | FISKH | ||
| 005 | 20250522083344.0 | ||
| 008 | 250522b cb ||||| |||| 00| 0 eng d | ||
| 040 |
_aFISKH _bkhr _cFISKH _dFISKH |
||
| 082 | _a510 | ||
| 100 | _aPhalkun, Lim | ||
| 245 |
_aកម្រងវិញ្ញាសាជ្រើសរើសពិសេស គណិតវិទ្យា ថ្នាក់ទិ១២ : _bVol.1 2018 / _cត្រួតពិនិត្យនិងកែសម្រួលដោយ លឺម ផល្គុន |
||
| 250 | _aបោះពុម្ពលើកទី១ | ||
| 260 |
_aភ្នំពេញ : _bសាលាបង្រៀនគួរសិខិនហោស , _c២០១៨ . |
||
| 300 |
_a157 pages : _billustrations ; _c21 cm . |
||
| 520 | _aសៀវភៅ កម្រងវិញ្ញាសាជ្រើសរើសពិសេស គណិតវិទ្យាថ្នាក់ទី១២ ដែលសរសេរដោយលោក លឹម ផល្គុន គឺជាឯកសារជំនួយសម្រាប់សិស្សថ្នាក់ទី១២ ក្នុងការសិក្សាគណិតវិទ្យា។ សៀវភៅនេះមានគោលបំណងផ្តល់ជូននូវមេរៀនសង្ខេប និងលំហាត់គំរូ ដើម្បីជួយសិស្សយល់ដឹង និងអនុវត្តន៍គណិតវិទ្យា។ | ||
| 520 | _aThe book "Special Selection of Mathematics Exam Papers for Grade 12", written by Lim Phalkun, is a supplementary resource designed for Grade 12 students studying mathematics. The book aims to provide summarized lessons and sample exercises to help students understand and practice mathematics more effectively. | ||
| 650 |
_aលីមីត _vគណិតវិទ្យា |
||
| 650 |
_aLimit _vMathematic |
||
| 700 |
_aVisal, Sok _dAuthor |
||
| 700 |
_aSopheak, Sok _eAuthor |
||
| 942 |
_2ddc _cKHB _n0 |
||
| 999 |
_c6715 _d6715 |
||